the glorious Quran / (Record no. 82528)
[ view plain ]
| 000 -LEADER | |
|---|---|
| fixed length control field | 00537nam a22002052a 4500 |
| 001 - CONTROL NUMBER | |
| control field | 82528 |
| 003 - CONTROL NUMBER IDENTIFIER | |
| rucl marc code | BD-RjUL |
| 005 - DATE AND TIME OF LATEST TRANSACTION | |
| control field | 20231224110734.0 |
| 008 - FIXED-LENGTH DATA ELEMENTS--GENERAL INFORMATION | |
| fixed length control field | 231223s1962 bg 000 0 eng dd |
| 035 ## - SYSTEM CONTROL NUMBER | |
| System control number | (BD-RjUL)82528 |
| 040 ## - CATALOGING SOURCE | |
| Original cataloging agency | DLC |
| Transcribing agency | DLC |
| Modifying agency | EQO |
| -- | BD-RjUL |
| Language of cataloging | eng |
| 041 1# - LANGUAGE CODE | |
| Language code of text/sound track or separate title | engara |
| 082 00 - DEWEY DECIMAL CLASSIFICATION NUMBER | |
| Classification number | 297.122521 |
| Edition number | 19 |
| Author mark and year | QUR 1962 |
| 245 10 - TITLE STATEMENT | |
| Title | the glorious Quran / |
| 260 ## - PUBLICATION, DISTRIBUTION, ETC. (IMPRINT) | |
| Place of publication, distribution, etc. | Dhaka : |
| Name of publisher, distributor, etc. | Khosroze Kitab Mahal, |
| Date of publication, distribution, etc. | 1962. |
| 300 ## - PHYSICAL DESCRIPTION | |
| Pagination | 353 p. ; |
| Size | 18 cm. |
| 650 #0 - SUBJECT ADDED ENTRY--TOPICAL TERM | |
| Topical term or geographic name as entry element | Islam |
| General subdivision | Sacred books. |
| 9 (RLIN) | 99401 |
| Topical term or geographic name as entry element | Islam. |
| 9 (RLIN) | 99402 |
| 942 ## - ADDED ENTRY ELEMENTS (KOHA) | |
| Source of classification or shelving scheme | Dewey Decimal Classification |
| Koha item type | Books |
| Lost status | Source of classification or shelving scheme | Damaged status | Not for loan | Collection code | Permanent Location | Current Location | Shelving location | Date acquired | Total Checkouts | Full call number | Date last seen | Copy number | Koha item type |
|---|---|---|---|---|---|---|---|---|---|---|---|---|---|
| Dewey Decimal Classification | Not For Loan | Non-fiction | Central Library, University of Rajshahi | Central Library, University of Rajshahi | Reading Room | 24/12/2023 | 297.122521 QUR 1962 | 24/12/2023 | C-1 | Books |